| 000 | 00409nam a2200145Ia 4500 | ||
|---|---|---|---|
| 008 | 230917s9999||||xx |||||||||||||| ||und|| | ||
| 040 |
_e229338 _aMAIN |
||
| 041 | _aEnglish | ||
| 082 | _a583.73 J567B | ||
| 100 | _aJitender Kumar | ||
| 245 | 0 | _aBiodynamic of apple (malus x domestica) nursery and development of strategies for healthy plant production | |
| 260 | _c2015 | ||
| 300 | _a101 p. | ||
| 942 | _cTH | ||
| 999 |
_c126731 _d126731 |
||